Score 0/44 Timer 10:00
0 Plays Today
Hint Answer % Correct
Alter egoAngelus
96.3%
True loveBuffy Summers
95.6%
Sired this vampire after killing her family and driving her insaneDrusilla
95.1%
SireDarla
93.9%
Place of originGalway, Ireland
92.2%
'Angel' seasons 3-4 romantic interestCordelia Chase
91.4%
Portrayed by (actor)David Boreanaz
91%
Human nameLiam
91%
First appearance (episode)'Welcome to the Hellmouth'
88.9%
SonConnor
88.8%
Causes him to lose his soulA moment of perfect happiness
83.4%
SecretaryHarmony Kendall
81%
CEO of this company in 'Angel' season 5Wolfram & Hart
80.4%
'Helps the hopeless' with this businessAngel Investigations
78.8%
Turns into this in 'Smile Time'Puppet
76.3%
Friend in the LA police departmentDetective Kate Lockley
76.2%
Vampire hunter who raised Angel's sonDaniel Holtz
73.4%
Severs this lawyer's handLindsey McDonald
71.6%
Spike tortures him looking for this jewelGem of Amara
67.7%
Vampire Willow's nickname for himPuppy
66.9%
This prophecy may apply to himShanshu Prophecy
66.1%
'Angel' season 5 girlfriendNina Ash
59.4%
Hint Answer % Correct
Favourite singerBarry Manilow
56.5%
Physical age26
56.2%
Imprisoned under the ocean by his son and this womanJustine Cooper
55.5%
Sleeps with this woman under Lorne's influenceEve
55.4%
Lives in this hotelHyperion Hotel
54.1%
Favourite sporthockey
50.6%
Gives this ring to Buffy on her birthdayCladdagh ring
47.6%
'I'm getting the brush-off for _______ _________. It doesn't necessarily bring out the champion in me.'Captain Peroxide
44.6%
How the Buffybot describes him'Angel's lame. His hair goes straight up and he's bloody stupid.'
40.9%
Name of the gypsy clan that cursed him with a soulClan Kalderash
38.6%
Sired this vampire in 1786Penn
31.6%
Year of human birth 1727
30.9%
Actress who tries to seduce himRebecca Lowell
27.9%
Cried like a baby at this ballet (and he was evil!)'Giselle'
27.8%
'Three things I don't do: date, tan and ____ __ ______.'sing in public
27.2%
SisterKathy
24.7%
Car (pre 'Angel' season 5)1967 Plymouth convertible
23.4%
Colour of his aura (according to Lorne)beige
22%
Made human by this demonMohra demon
20.4%
Fill in the blanks: 'I've got two modes with people: ____ and _____.'bite, avoid
20.3%
Only vampire he's sired since acquiring a soulSam Lawson
17%
'________--they're just a big cookie jar.'Convents
12.6%
Remove Ads.
Support Sporcle.
Get the best of Sporcle when you Go Orange. This ad-free experience offers more features, more stats, and more fun while also helping to support Sporcle. Thank you for becoming a member.

You're not logged in!

Compare scores with friends on all Sporcle quizzes.
OR
Log In

Show Comments

Extras

Top Quizzes Today


Score Distribution

Your Account Isn't Verified!

In order to create a playlist on Sporcle, you need to verify the email address you used during registration. Go to your Sporcle Settings to finish the process.

Report this User

Report this user for behavior that violates our Community Guidelines.

Details: